| 000 | 00696nas a2200241 4500 | ||
|---|---|---|---|
| 001 | BR9210787 | ||
| 003 | BR-BrBNA | ||
| 005 | 20231205093426.0 | ||
| 007 | ta | ||
| 008 | 230509b bl.|||p| |||| 00| 00por d | ||
| 040 |
_aBR-BrBNA _bpor _cBiblioteca Nacional de Agricultura |
||
| 041 | _a(Pt) | ||
| 072 | _aT01 | ||
| 100 | 1 | _aReis, R. | |
| 245 | 1 | _aAgua e ar comprometidos. O quadro ambiental em Sao Paulo e dramatico | |
| 650 | _aPOLUICAO DA AGUA | ||
| 650 | _aPOLUICAO DO AR | ||
| 650 | _aMEIO AMBIENTE | ||
| 650 | _aSAO PAULO | ||
| 773 | 0 |
_tSaneamento Ambiental (Brazil) _x _g(Jun 1990), v. 1(5) p. 16-18 _wBR9210787 |
|
| 909 |
_a202311 _bLúcia _c55 _dLúcia Elande |
||
| 942 |
_2AGRIS _n0 _cANA |
||
| 999 |
_c138236 _d138236 |
||